"Пересторога" - український антиуніатський памфлет початку ХУІІ ст. (Запис № 325911)

МАРК-запис
000 -Лідер
fixed length control field 00730nam a22002297a 4500
003 - Ідентифікатор контрольного номера
control field UA-OsUOA
001 - Контрольний номер
control field 39769
007 - Фіксоване поле фізичного опису
fixed length control field ta
008 - Елементи даних фіксованої довжини – загальна інформація
fixed length control field 20060627b un ||||| |||| 00| 0 ukr d
090 ## - Локальний шифр розміщення
Класифікаційний індекс УДК 82(091)(477)
Авторський знак (НП) Я72
040 ## - Джерело каталогізації
Агенція оригінальної каталогізації UA-OsUOA
Мова каталогізації ukr
Агенція, яка здійснювала перезапис UA-OsUOA
Агенція, яка здійснювала модифікацію UA-OsUOA
041 ## - Код мови
Код мови тексту/ звукової доріжки чи окремого заголовка (П) ukr
080 ## - Індекс Універсальної десяткової класифікації
Індекс Універсальної десяткової класифікації (УДК) (НП) 82(091)(477)
100 ## - Основне введення – ім’я особи
Ім’я особи (НП) Яременко П.К.
245 ## - Відомості про назву
Назва (НП) "Пересторога" - український антиуніатський памфлет початку ХУІІ ст.
260 ## - Публікація, розповсюдження і т.п. (Вихідні дані)
Місце публікації, розповсюдження і т.п. (П) К.
Ім’я/ наймення видавництва, розповсюджувача і т.п. (П) Видавництво Академії Наук УРСР
Дата публікації, розповсюдження і т.п. (П) 1963
300 ## - Фізичний опис
Обсяг 164 с.
650 #7 - Додаткове предметне введення – тематичний термін
Тематичний термін чи географічна назва, як елемент введення (НП) 82 Література. Літературознавство
Джерело заголовка чи терміна UDC
942 ## - Додаткові елементи входу (Коха)
Тип елемента Koha Книги
955 ## - Код типу видання за змістом
Код типу видання за змістом (НП) Наукові видання
Фонди
Стан вилучень Стан втрат Джерело класифікації або схеми стелажів Стан уражень Не для кредиту Код колекції Постійне місце розташування Поточне розміщення Дата придбання Інвентарний номер Усього замовленно Повний номер виклику Штрих-код Дата останнього перегляду Ціна ефективна від Тип елемента Koha Джерело придбання Вартість, звичайна ціна покупки
Withdrawn   Universal Decimal Classification     Колекція Крекотня В. І. ЧЗ - Читальна зала ЧЗ - Читальна зала 27/06/2006 12248   82(091)(477) Я72 12248 13/07/2019 27/06/2006 Книги    
    Universal Decimal Classification       ЧЗ - Читальна зала ЧЗ - Читальна зала 10/06/2013 142800   82(091)(477) Я72 142800 09/02/2022 27/06/2006 Книги 42/2013 7.00